| Tag |
First Indicator |
Second Indicator |
Subfields |
| LEADER |
00000cas a2200000 4500 |
| 001 |
in00000052757 |
| 005 |
20151007074124.0 |
| 008 |
800611d19701972enkmr p 0uuua0enge |
| 010 |
|
|
|a 75016580
|
| 035 |
|
|
|a (OCoLC)06408225
|
| 035 |
|
|
|9 AAF0980AM
|
| 040 |
|
|
|a DLC
|c TXA
|d TXA
|d UtOrBLW
|
| 049 |
|
|
|a TXAE
|
| 050 |
|
0 |
|a TP1101
|b .P545
|
| 082 |
0 |
|
|a 338.4/7/67805
|
| 245 |
0 |
0 |
|a Plastics, rubbers, textiles.
|
| 264 |
|
1 |
|a [London] :
|b [Rubber & Technical Press]
|
| 300 |
|
|
|a 3 volumes :
|b illustrations ;
|c 30 cm.
|a monthly.
|
| 336 |
|
|
|a text
|b txt
|2 rdacontent
|
| 337 |
|
|
|a unmediated
|b n
|2 rdamedia
|
| 338 |
|
|
|a volume
|b nc
|2 rdacarrier
|
| 362 |
0 |
|
|a v. 1-3, no. 2; Jan. 1970-Feb. 1972.
|
| 650 |
|
0 |
|a Plastics
|v Periodicals.
|
| 650 |
|
0 |
|a Rubber
|v Periodicals.
|
| 650 |
|
0 |
|a Textile industry
|v Periodicals.
|
| 780 |
0 |
3 |
|t Rubber and plastics age
|
| 785 |
0 |
7 |
|t Polymer age
|
| 785 |
0 |
7 |
|t PRT polymer age
|
| 999 |
|
|
|a MARS
|
| 999 |
f |
f |
|s 4f3e2780-f5a2-385c-9eba-6d0f7089f435
|i 712b4cae-92cc-31b1-b295-c2bcf947fde6
|t 0
|
| 952 |
f |
f |
|p ric
|a Texas A&M University
|b Rellis Campus
|c Joint Library Facility
|d Remote Storage
|t 0
|e TP1101 .P545
|h Library of Congress classification
|i unmediated -- volume
|k 2
|l 1971
|m A14842215031
|
| 952 |
f |
f |
|p ric
|a Texas A&M University
|b Rellis Campus
|c Joint Library Facility
|d Remote Storage
|t 0
|e TP1101 .P545
|h Library of Congress classification
|i unmediated -- volume
|k 1
|l 1970
|m A14842215155
|
| 998 |
f |
f |
|a TP1101 .P545
|s v.3:no.2 (1972)
|t 0
|l Remote Storage
|